Largest US Defense Contractors - Statistics

General Stats
  • This quiz has been taken 582 times
  • The average score is 3 of 10
Answer Stats
Revenue Company % Correct
$26.9 Boeing
88%
$44.9 Lockheed Martin
72%
$23.8 Raytheon
47%
$22.3 Northrop Grumman
28%
$11.2 AirBus
27%
$19.4 General Dynamics
23%
$22.9 BAE Systems
12%
$8.8 Leonardo
5%
$11.9 L3 Harris Technologies
2%
$9.0 Thales Group
2%
No matching quizzes found
Score Distribution
Percent of People with Each Score
Percentile by Number Answered
Your Score History
You have not taken this quiz